000 00427nam a2200181Ia 4500
001 9753
005 20260306161741.0
008 260306t1971||||xx |||||||||||||| ||spa||
041 _aESP
082 _a410.1
_bS718
100 _aSaussure, Ferdinand de
_eAUT
245 0 _aCurso de lingüistica general
260 _c1971
300 _a378 páginas :
_c20 cm.
650 _aGEN
654 _aCED
942 _cLIB
_dJUS
_fJUS
_2ddc
_n
999 _c9753
_d9753